UM Logo

Katie Ledecky: (Record no. 13780)

MARC details
000 -LEADER
fixed length control field 00424nam a2200133 4500
008 - FIXED-LENGTH DATA ELEMENTS--GENERAL INFORMATION
fixed length control field 190410b ||||| |||| 00| 0 eng d
082 ## - DEWEY DECIMAL CLASSIFICATION NUMBER
Classification number DPer 050 T48 Apr-June 2016 v. 187, n. 12-24
100 ## - MAIN ENTRY--PERSONAL NAME
Personal name Evans, Janet.
9 (RLIN) 38291
245 ## - TITLE STATEMENT
Title Katie Ledecky:
Remainder of title speed demon/
Statement of responsibility, etc. Janet Evans.
260 ## - PUBLICATION, DISTRIBUTION, ETC. (IMPRINT)
Place of publication, distribution, etc. Hong Kong:
Name of publisher, distributor, etc. Time Asia,
Date of publication, distribution, etc. c2016.
300 ## - PHYSICAL DESCRIPTION
Extent v187 n16-17, page 41:
Other physical details illustrations;
Dimensions 27 cm.
650 ## - SUBJECT ADDED ENTRY--TOPICAL TERM
Source of heading or term Athletes.
942 ## - ADDED ENTRY ELEMENTS (KOHA)
Source of classification or shelving scheme Dewey Decimal Classification
Koha item type Periodicals
Holdings
Withdrawn status Lost status Source of classification or shelving scheme Damaged status Not for loan Collection code Home library Current library Date acquired Total Checkouts Full call number Date last seen Price effective from Koha item type Public note
    Dewey Decimal Classification     Periodicals UM Digos College - LIC UM Digos College - LIC 04/10/2019   DPer 050 T48 Apr-June 2016 v. 187, n. 12-24 04/10/2019 04/10/2019 Periodicals Periodical article